LEADER 01232nam a2200277 i 4500 001 000000059165 003 CaOOAMICUS 005 20150312000000.0 008 150312s1997 it u000 u ita u 013 $a30337 020 $a88-8025-133-3 040 $aSeMil$bita 100 1 $aTrionfini, Paolo,$d<1967- >.$0(OLS)http://semarc/name/30204 245 10$aFrancesco Luigi Ferrari :$baccompagnò i cattolici al senso dello Stato /$cPaolo Trionfini. 260 $aMilano :$bCentro Ambrosiano,$ccopyr. 1997. 300 $a84 p. ;$c19 cm. 490 0 $aProtagonisti del nostro tempo ;$v5 500 $aContiene : Bibliografia essenziale. 600 14$aFerrari, Francesco Luigi <1889-1933>.$0(OLS)http://semarc/subject/10024 830 0$aProtagonisti del nostro tempo ;$v5.$0(OLS)http://semarc/title/444 850 $aSeMil 852 $aSeMil$W1$xVenegono$y1$m3N II 409$j25318$B25318$CSeMilBibl$Z2$F25321 $81 961 $aOmaggio: Brambilla don Franco Giulio 996 $6020$a88-8025-133-3$9(OLS)http://semarc/number/34992 996 $6245$aFrancesco Luigi Ferrari :$baccompagnò i cattolici al senso dello Stato$9(OLS)http://semarc/title/92407 996 $6260$aMilano :$bCentro Ambrosiano$9(OLS)http://semarc/publisher/29766 LEADER 01285nam a2200241 i 4500 001 000000059442 003 CaOOAMICUS 005 20121224000000.0 008 121224s1973 xx u000 u ger u 013 $a30614 040 $aSeMil$bita 245 10$aDiaconia et Ius :$bFestgabe für Heinrich Flatten zum 54. Geburtstag, dargebracht von seinen Freunden und Schülern /$cherausgegeben von Heribert Heinemann, Horst Herrmann, Paul Mikat. 260 $aMünchen ; Paderborn ; Wien :$bFerdinand Schöningh,$c1973. 300 $aXII, 419 p., [1] c. di tav. :$britr. ;$c24 cm. 650 4$aDiritto canonico - Studi.$0(OLS)http://semarc/subject/1680 700 1 $aFlatten, Heinrich.$0(OLS)http://semarc/name/30337 700 1 $aMikat, Paul.$0(OLS)http://semarc/name/3453 700 1 $aHerrmann, Horst.$0(OLS)http://semarc/name/26112 700 1 $aHeinemann, Heribert <1925-2012>.$0(OLS)http://semarc/name/24959 850 $aSeMil 852 $aSeMil$W1$xVenegono$y1$m2J IV 202$j25595$B25595$CSeMilBibl$Z2$F25598 $81 996 $6245$aDiaconia et Ius :$bFestgabe für Heinrich Flatten zum 54. Geburtstag, dargebracht von seinen Freunden und Schülern$9(OLS)http://semarc/title/92876 996 $6260$aMünchen ; Paderborn ; Wien :$bFerdinand Schöningh$9(OLS)http://semarc/publisher/34975